Znane nazwiska w rozsypce - Statystyki

Ogólne statystyki
  • Ten quiz został rozwiązany 66 razy
  • Średni wynik to 5 z 7
Statystyki odpowiedzi
Rozsypka Nazwisko % Poprawnych
DLOADN TMPRU Donald Trump
100%
MOT SANKH Tom Hanks
79%
BAKU DWJZDOEWIKÓ Kuba Wojewódzki
75%
ONLEIL IESMS Lionel Messi
63%
NYOT TKARS Tony Stark
61%
RRSOFTE MPGU Forrest Gump
54%
CKAJ WORSRPA Jack Sparrow
51%
Nie znaleziono quizów pasujących do podanych kryteriów
Rozkład punktacji
Procent ludzi z każdym wynikiem
Percentyl według liczby udzielonych odpowiedzi
Twoja historia wyników
Nie rozwiązałeś tego quizu